000 00588nam a2200229Ia 4500
005 20250425162141.0
008 250425s9999 xx 000 0 und d
020 _a8449415365
041 _aspa
082 _a423.61
110 _aOCEANO GRUPO EDITORIAL
245 0 _aSMART DICCIONARIO ESPAÑOL-INGLES ENGLISH-SPANISH
250 _a1A ED.
260 _aBARCELONA
260 _aEspaña
_bGRUPO OCEANO
_c2001
300 _a1036
650 _aDICCIONARIOS ESPAÑOL-INGLES
650 _aDICCIONARIOS INGLES-ESPAÑOL
650 _aTERMINOLOGIA
942 _c01
010 _a53119
999 _c223346
_d223346